000 00324nam a2200145Ia 4500
100 _aRao/ Tiwari
942 _cRB
654 _amanufacturing
245 _aEmerging trends in manufacturing
260 _bTata Mc Graw hill
_aNew Delhi
_c1986
082 _a621.902
_bRAO
300 _a556
546 _aENGLISH
999 _c27960
_d27960